Logistické procesy v nákladnej cestnej doprave bakalárska práca

Na minha lista:
Detalhes bibliográficos
Autor principal: Antlová, Nikola
Autor Corporativo: Podnikovohospodárska fakulta EU so sídlom v Košiciach. Katedra marketingu a obchodu
Outros Autores: Slaninková, Jana
Formato: Livro
Idioma:eslovaco
Publicado em: Košice 2010
Tags: Adicionar Tag
Sem tags, seja o primeiro a adicionar uma tag!

MARC

LEADER 00000nbm a2200000 4500
001 0132821
005 20161109111445.8
041 0 |a slo 
044 |a SK 
245 1 0 |a Logistické procesy v nákladnej cestnej doprave  |b bakalárska práca  |c Nikola Antlová ; školiteľ: Jana Slaninková 
264 1 |a Košice  |c 2010 
300 |a 59 s. 
100 1 |a Antlová, Nikola 
700 1 |a Slaninková, Jana 
710 2 |a Podnikovohospodárska fakulta EU so sídlom v Košiciach. Katedra marketingu a obchodu